Word Ladder: True That! Quiz Stats

 Plays Quiz Updated Jun 6, 2012

Support Sporcle.
Go Orange.
Score 0/15 Timer 02:00
0 Plays Today
HINT WORD! % Correct
'____ In Boots'PUSS
98.5%
► USE PROFANITY ◄► CUSS ◄
89.4%
► MOUNTAIN GAP ◄► PASS ◄
87.5%
► ____ TRAIN TO CLARKSVILLE ◄► LAST ◄
86.6%
Highland girlLASS
84.9%
SynonymousSAME
82.7%
Single ____ ScotchMALT
80.4%
Jib propMAST
75%
HINT WORD! % Correct
Indeterminate amountSOME
70.3%
DonnedWORE
67.5%
► SPORCLE COMMODITY ◄► GAME ◄
67.4%
Rooster, Uncle, or Duke, e.g.MALE
65.8%
Witch killer Dorothy ____GALE
62.2%
Hot under the collarSORE
60.9%
► COMMON BOND ◄► WORD ◄
39.9%

Today's Daily Dose

You're not logged in!

Compare scores with friends on all Sporcle quizzes.
OR
Log In

From the Vault

Guitar Legends

by sweett310

Guitar solos were made for these people.
Remove Ads.
Support Sporcle.
Get the best of Sporcle when you Go Orange. This ad-free experience offers more features, more stats, and more fun while also helping to support Sporcle. Thank you for becoming a member.

Show Comments

Extras

Top Quizzes Today


Score Distribution

Your Account Isn't Verified!

In order to create a playlist on Sporcle, you need to verify the email address you used during registration. Go to your Sporcle Settings to finish the process.

Report this User

Report this user for behavior that violates our Community Guidelines.

Details: